00483 2200193 4500001002100000005001500021035002000036008004100056245005400097100002500151250000600176260003600182300001100218084001400229082000800243650001400251990001200265990001200277INLIS00000000000039020240430020138 a0010-0424000366240430 0 ind 1 aMengapa Disebut Segitiga ? /cAbdul Azis Saefudin aAzis Saefudin, Abdul a1 aKlaten :bIntan Pariwara,c2015 a68 hlm a510 ABD m a510 4aNon Fiksi a0728619 a0728620